|
|
|
|
| LEADER |
01281nam a22003252a 4500 |
| 001 |
000926951 |
| 003 |
CZ BrMZK |
| 005 |
20090115090957.0 |
| 007 |
ta |
| 008 |
090115s1981 xr af er|||||||||||ger d |
| 015 |
|
|
|a cnb000127016
|
| 035 |
|
|
|a (OCoLC)42152775
|
| 040 |
|
|
|a ABA001
|b cze
|c ABA001
|d ABA001
|d BOA001
|
| 041 |
1 |
|
|a ger
|h cze
|
| 080 |
9 |
|
|a 72+75+739+745/749(470.311.2 Kreml):779=30
|
| 100 |
1 |
|
|a Burian, Jiří,
|d 1935-1999
|7 jk01020369
|4 aut
|
| 245 |
1 |
4 |
|a Der Kreml in Moskau :
|b Architektur und Kunst /
|c [text] Jiří Burian, Oleg A. Švidkovskij ; Deutsche Übersetzung [z českého originálu Moskevský Kreml] Dagmar Bílková ; Aufnahmen Karel Neubert ; Planskizzen Viktor Procházka
|
| 250 |
|
|
|a 2. Ausgabe
|
| 260 |
|
|
|a Praha :
|b Odeon,
|c 1981
|f (Svoboda)
|
| 300 |
|
|
|a 37, [9] s. :
|b [126] s. barev. fot. ;
|c 4°
|
| 500 |
|
|
|a Vazba K. Neubert
|
| 500 |
|
|
|a 4000 výt.
|
| 504 |
|
|
|a Obsahuje bibliografii
|
| 700 |
1 |
|
|a Neubert, Karel,
|d 1926-2003
|7 jk01090018
|4 pht
|
| 700 |
1 |
|
|a Švidkovskij, Oleg Aleksandrovič,
|d 1925-1990
|7 jx20050707053
|4 aut
|
| 910 |
|
|
|a BOA001
|b 4-0840.076
|
| 964 |
|
|
|a Moskva - Kreml - publikace obrazové
|
| 990 |
|
|
|a BK
|
| 991 |
|
|
|b 200901
|
| 996 |
6 |
|
|b BC-665007
|c 4-0840.076
|l MZK
|r Sklad / do 1 hodiny
|n 0
|w 000926951
|u 000010
|a 1
|e BOA001
|j MZK50
|s P
|